000
00319nam a22001457a 4500
005
20160630094128.0
008
160630b xxu||||| |||| 00| 0 eng d
041
_a
eng
082
_b
10909
245
_a
Securities Markets and Product
260
_b
Taxmann
300
_a
576
650
_a
Management
_9
241
942
_c
BK
999
_c
4815
_d
4813